Climate variations, drought and desertification

Enregistré dans:
Détails bibliographiques
Auteur principal: Kenneth, Hare
Format: Livre
Langue:anglais
Publié: [S.l.] WMO 1993
Collection:WMO No. 653
Sujets:
Tags: Ajouter un tag
Pas de tags, Soyez le premier à ajouter un tag!

MARC

LEADER 00000nam a2200000 4500
001 c124038
005 20221123112217.2
020 |a 92-63-12653-4 
041 0 |a eng 
044 |a US 
245 1 0 |a Climate variations, drought and desertification  |c by Hare Kenneth 
264 1 |a [S.l.]  |b WMO  |c 1993 
300 |a 45 s. 
490 1 |a WMO  |v No. 653 
830 0 |a WMO  |v No. 653 
610 2 0 |a podnebie 
610 2 0 |a meteorológia 
610 2 0 |a sucho 
610 2 0 |a počasie 
610 2 0 |a informácie 
610 2 0 |a organizácie medzinárodné 
100 1 |a Kenneth, Hare